[Event "FICGS rapid E 000237 email"]
[Site "FICGS email"]
[Date "2020.03.19"]
[Round "1"]
[White "Kalapos, Karol"]
[Black "Joubert, Hennie"]
[Result "0-1"]
[WhiteElo "1235"]
[BlackElo "1447"]
[PlyCount "56"]
[EventDate "2020.??.??"]
[EventType "tourn (rapid)"]
[EventRounds "6"]
[SourceTitle "Corr 2022"]
[Source "ChessBase"]
[SourceDate "2021.10.24"]
[SourceVersion "1"]
[SourceVersionDate "2021.10.24"]
[SourceQuality "1"]

1. Nf3 Nf6 2. g3 g6 3. Bg2 Bg7 4. c4 0-0 5. d4 d6 6. Nc3 Nbd7 7. e4 c6 8. 0-0 Qc7 9. a4 e5 10. d5 Nc5 11. Be3 Ncxe4 12. Nxe4 Nxe4 13. Nh4 Nf6 14. dxc6 bxc6 15. b4 Be6 16. Rc1 Rad8 17. b5 c5 18. Qd2 Ng4 19. Bg5 f5 20. Bxd8 Rxd8 21. Qe2 Bh6 22. Rc3 e4 23. h3 Nf6 24. Bh1 g5 25. Ng2 f4 26. gxf4 gxf4 27. Kh2 f3 28. Qc2 d5+ 0-1

[Event "FICGS rapid E 000235 email"]
[Site "FICGS email"]
[Date "2020.01.21"]
[Round "1"]
[White "Pipac, Darko"]
[Black "Kalapos, Karol"]
[Result "1-0"]
[WhiteElo "1290"]
[BlackElo "1243"]
[PlyCount "33"]
[EventDate "2020.??.??"]
[EventType "tourn (rapid)"]
[EventRounds "6"]
[SourceTitle "Corr 2022"]
[Source "ChessBase"]
[SourceDate "2021.10.24"]
[SourceVersion "1"]
[SourceVersionDate "2021.10.24"]
[SourceQuality "1"]

1. e4 c5 2. Nf3 d6 3. h3 Nc6 4. Bb5 Nf6 5. d3 Bd7 6. Nc3 g6 7. Bxc6 Bxc6 8. Bg5 Nd7 9. Qd2 Bg7 10. Bh6 0-0 11. h4 Nf6 12. 0-0-0 b5 13. Nd5 Nxd5 14. exd5 Bxd5 15. h5 b4 16. hxg6 fxg6 17. Bxg7 1-0

[Event "FICGS class F 000224 email"]
[Site "FICGS email"]
[Date "2020.01.13"]
[Round "1"]
[White "Kalapos, Karol"]
[Black "Bromo, Alexis"]
[Result "1-0"]
[WhiteElo "1243"]
[BlackElo "1160"]
[PlyCount "83"]
[EventDate "2020.??.??"]
[EventType "tourn (corr)"]
[EventRounds "5"]
[SourceTitle "Corr 2022"]
[Source "ChessBase"]
[SourceDate "2021.10.24"]
[SourceVersion "1"]
[SourceVersionDate "2021.10.24"]
[SourceQuality "1"]

1. Nf3 d5 2. g3 Nc6 3. e3 e5 4. d3 Bg4 5. Bg2 Nf6 6. Nc3 Bb4 7. Bd2 Bxc3 8. Bxc3 d4 9. exd4 exd4 10. Qe2+ Be6 11. Bd2 0-0 12. 0-0 Re8 13. Qd1 Bg4 14. Re1 Rxe1+ 15. Qxe1 Qd7 16. Ne5 Nxe5 17. Qxe5 Re8 18. Qa5 a6 19. a3 c6 20. Rc1 Re2 21. Bg5 h6 22. Bxf6 Qf5 23. Qxf5 Bxf5 24. Bxd4 g5 25. Bf3 Re6 26. g4 Bg6 27. h3 f5 28. Kf1 fxg4 29. Bxg4 Rd6 30. Be5 Rd8 31. Kg2 Kf7 32. Rf1 h5 33. Bf3 Ke6 34. Re1 Kd7 35. Bf6 Rf8 36. Bxg5 b5 37. Re7+ Kd6 38. Rg7 Bf7 39. Bf4+ Kc5 40. Rg5+ Bd5 41. Be3+ Kd6 42. Bxd5 1-0

[Event "FICGS class F 000221 email"]
[Site "FICGS email"]
[Date "2019.11.19"]
[Round "1"]
[White "Wood, Brian"]
[Black "Kalapos, Karol"]
[Result "0-1"]
[WhiteElo "1243"]
[BlackElo "1281"]
[PlyCount "34"]
[EventDate "2019.??.??"]
[EventType "tourn (corr)"]
[EventRounds "5"]
[SourceTitle "Corr 2022"]
[Source "ChessBase"]
[SourceDate "2021.10.24"]
[SourceVersion "1"]
[SourceVersionDate "2021.10.24"]
[SourceQuality "1"]

1. d4 e6 2. c4 Nf6 3. Nf3 b6 4. g3 Bb7 5. Bg2 Be7 6. 0-0 h6 7. Nc3 0-0 8. Re1 d5 9. Ne5 Nfd7 10. cxd5 Nxe5 11. dxe5 exd5 12. Bxd5 Bxd5 13. Qxd5 Na6 14. Bf4 Qc8 15. Qe4 Nc5 16. Qc2 Qe6 17. Ne4 Qf5 0-1

[Event "FICGS rapid E 000232 email"]
[Site "FICGS email"]
[Date "2019.11.18"]
[Round "1"]
[White "Kalapos, Karol"]
[Black "George, Sebastine"]
[Result "0-1"]
[WhiteElo "1281"]
[BlackElo "1000"]
[PlyCount "62"]
[EventDate "2019.??.??"]
[EventType "tourn (rapid)"]
[EventRounds "6"]
[SourceTitle "Corr 2022"]
[Source "ChessBase"]
[SourceDate "2021.10.24"]
[SourceVersion "1"]
[SourceVersionDate "2021.10.24"]
[SourceQuality "1"]

1. d4 b6 2. c4 Bb7 3. Nf3 e6 4. e3 Nf6 5. Be2 d5 6. a3 c5 7. Nbd2 dxc4 8. Nxc4 cxd4 9. 0-0 Be7 10. Qxd4 0-0 11. Nfe5 Nbd7 12. Rd1 Nxe5 13. Qxe5 Qb8 14. b3 Ba6 15. Qb2 Bb7 16. h3 Rd8 17. Bd2 Nd5 18. Bf3 Bf6 19. Qb1 Bxa1 20. Qxa1 Ne7 21. Bh5 Ng6 22. Bxg6 hxg6 23. a4 Qc7 24. Rc1 Qd7 25. Bc3 f6 26. Bd4 e5 27. Bc3 Qf5 28. Nd2 Rd3 29. Nc4 Rad8 30. Nb2 Qe4 31. f3 Qxe3+ 0-1

[Event "FICGS rapid E 000232 email"]
[Site "FICGS email"]
[Date "2019.11.18"]
[Round "1"]
[White "Kalapos, Karol"]
[Black "Martinez Camacho, Victor Hugo"]
[Result "1-0"]
[WhiteElo "1281"]
[BlackElo "1216"]
[PlyCount "119"]
[EventDate "2019.??.??"]
[EventType "tourn (rapid)"]
[EventRounds "6"]
[SourceTitle "Corr 2022"]
[Source "ChessBase"]
[SourceDate "2021.10.24"]
[SourceVersion "1"]
[SourceVersionDate "2021.10.24"]
[SourceQuality "1"]

1. Nf3 Nf6 2. g3 g6 3. Bg2 Bg7 4. c4 c5 5. 0-0 0-0 6. d3 d6 7. Bg5 Bd7 8. Qb3 Bc6 9. Nbd2 Nbd7 10. a4 a6 11. Qc2 e5 12. b3 h6 13. Bxf6 Nxf6 14. e4 Qd7 15. Nh4 Rac8 16. Qd1 Nh7 17. f4 exf4 18. gxf4 Bxa1 19. Qxa1 Qg4 20. Qe1 f5 21. Kh1 fxe4 22. dxe4 g5 23. Ng6 Rf7 24. Bf3 Qd7 25. f5 b5 26. axb5 axb5 27. Qg3 bxc4 28. bxc4 Rb8 29. Nf4 Rg7 30. Ne6 Rf7 31. Nxc5 Qa7 32. Qxd6 Rf6 33. Ne6 Qd7 34. Qxb8+ Kf7 35. Bh5+ Ke7 36. Qb4+ Qd6 37. Qc3 Nf8 38. Nxf8 Kxf8 39. Bf3 Rf7 40. Qh8+ Ke7 41. Qc3 Kd8 42. Qa5+ Ke8 43. Bh5 Kf8 44. Bxf7 Kxf7 45. Qc3 Qe7 46. Re1 h5 47. f6 Qe6 48. Qf3 g4 49. Qd3 Kxf6 50. Qd8+ Kg6 51. c5 Kg7 52. Qg5+ Qg6 53. Qe5+ Kh7 54. Qc7+ Kh6 55. Qf4+ Kg7 56. Nc4 Bb5 57. Ne5 Qf6 58. Qg3 Qd8 59. Qb3 Ba6 60. Qf7+ 1-0

[Event "FICGS rapid E 000230 email"]
[Site "FICGS email"]
[Date "2019.09.12"]
[Round "1"]
[White "Hadden, John"]
[Black "Kalapos, Karol"]
[Result "1-0"]
[WhiteElo "1240"]
[BlackElo "1283"]
[PlyCount "51"]
[EventDate "2019.??.??"]
[EventType "tourn (rapid)"]
[EventRounds "6"]
[SourceTitle "Corr 2022"]
[Source "ChessBase"]
[SourceDate "2021.10.24"]
[SourceVersion "1"]
[SourceVersionDate "2021.10.24"]
[SourceQuality "1"]

1. d4 e6 2. Nc3 Nf6 3. Nf3 d5 4. Bg5 Be7 5. Bxf6 Bxf6 6. e3 0-0 7. Bd3 b6 8. a3 c6 9. 0-0 Qc7 10. b4 Ba6 11. Bxa6 Nxa6 12. Ne2 b5 13. c3 e5 14. dxe5 Bxe5 15. Qc2 Bf6 16. Ned4 c5 17. Nb3 cxb4 18. axb4 Nxb4 19. Qd1 Qxc3 20. Nbd4 a6 21. Qb3 Qc5 22. Rac1 Qd6 23. Nf5 Qe5 24. Nxe5 a5 25. Nd3 Nxd3 26. Qxd3 1-0

[Event "FICGS rapid E 000230 email"]
[Site "FICGS email"]
[Date "2019.09.12"]
[Round "1"]
[White "Kalapos, Karol"]
[Black "Strohmeier, Josef"]
[Result "1-0"]
[WhiteElo "1283"]
[BlackElo "1411"]
[PlyCount "31"]
[EventDate "2019.??.??"]
[EventType "tourn (rapid)"]
[EventRounds "6"]
[SourceTitle "Corr 2022"]
[Source "ChessBase"]
[SourceDate "2021.10.24"]
[SourceVersion "1"]
[SourceVersionDate "2021.10.24"]
[SourceQuality "1"]

1. d4 d5 2. c4 e6 3. Nc3 Nf6 4. Bg5 Be7 5. e3 0-0 6. Nf3 b6 7. Be2 Bb7 8. a3 h6 9. Bxf6 Bxf6 10. b3 dxc4 11. bxc4 Nd7 12. 0-0 c5 13. Qc2 Rc8 14. Qa4 a6 15. Rad1 Qe7 16. Qc2 1-0

[Event "FICGS rapid E 000230 email"]
[Site "FICGS email"]
[Date "2019.09.12"]
[Round "1"]
[White "Kalapos, Karol"]
[Black "Wood, Brian"]
[Result "1-0"]
[WhiteElo "1283"]
[BlackElo "1238"]
[PlyCount "21"]
[EventDate "2019.??.??"]
[EventType "tourn (rapid)"]
[EventRounds "6"]
[SourceTitle "Corr 2022"]
[Source "ChessBase"]
[SourceDate "2021.10.24"]
[SourceVersion "1"]
[SourceVersionDate "2021.10.24"]
[SourceQuality "1"]

1. c4 e5 2. Nc3 Nf6 3. d3 Nc6 4. g3 d5 5. cxd5 Nxd5 6. Bg2 Nxc3 7. bxc3 Bd7 8. Qb3 Rb8 9. Nf3 Bd6 10. Ng5 0-0 11. Bd5 1-0

[Event "FICGS rapid E 000230 email"]
[Site "FICGS email"]
[Date "2019.09.12"]
[Round "1"]
[White "Leurette, Marc Antoine"]
[Black "Kalapos, Karol"]
[Result "1/2-1/2"]
[WhiteElo "1499"]
[BlackElo "1283"]
[PlyCount "58"]
[EventDate "2019.??.??"]
[EventType "tourn (rapid)"]
[EventRounds "6"]
[SourceTitle "Corr 2022"]
[Source "ChessBase"]
[SourceDate "2021.10.24"]
[SourceVersion "1"]
[SourceVersionDate "2021.10.24"]
[SourceQuality "1"]

1. e4 c5 2. d4 e6 3. d5 d6 4. c4 exd5 5. cxd5 Be7 6. Nf3 Nf6 7. Nc3 0-0 8. Bg5 Nbd7 9. Bb5 Nb6 10. Bxf6 Bxf6 11. Qc2 Bg4 12. Be2 Bd7 13. 0-0 Rc8 14. h3 h6 15. a4 a5 16. b3 c4 17. Rab1 cxb3 18. Rxb3 Bxc3 19. Rxc3 Rxc3 20. Qxc3 Nxa4 21. Qb3 Nc5 22. Qb1 a4 23. Qb4 Qa8 24. e5 Nb3 25. Bd1 dxe5 26. Bxb3 axb3 27. Qxb3 b5 28. Nxe5 Rd8 29. Nxd7 Rxd7 1/2-1/2

[Event "FICGS class F 000219 email"]
[Site "FICGS email"]
[Date "2019.08.24"]
[Round "1"]
[White "Kalapos, Karol"]
[Black "Zaunercik, Ilmar"]
[Result "0-1"]
[WhiteElo "1274"]
[BlackElo "1234"]
[PlyCount "52"]
[EventDate "2019.??.??"]
[EventType "tourn (corr)"]
[EventRounds "5"]
[SourceTitle "Corr 2022"]
[Source "ChessBase"]
[SourceDate "2021.10.24"]
[SourceVersion "1"]
[SourceVersionDate "2021.10.24"]
[SourceQuality "1"]

1. Nf3 d5 2. d4 Nc6 3. e3 Bg4 4. Be2 e6 5. 0-0 Nf6 6. Nbd2 Bd6 7. h3 Bh5 8. c4 0-0 9. c5 Be7 10. Ne5 Bxe2 11. Qxe2 Nxe5 12. dxe5 Nd7 13. f4 Nxc5 14. b3 c6 15. Ba3 a5 16. Rac1 b6 17. Rc2 Qd7 18. Rd1 a4 19. Nc4 axb3 20. axb3 Qc7 21. Bxc5 bxc5 22. Nb2 Qb6 23. Kh1 Qxb3 24. Nd3 c4 25. Nf2 Bc5 26. Rdc1 Qxe3 0-1

[Event "FICGS class F 000219 email"]
[Site "FICGS email"]
[Date "2019.08.24"]
[Round "1"]
[White "Martinez Camacho, Victor Hugo"]
[Black "Kalapos, Karol"]
[Result "1-0"]
[WhiteElo "1111"]
[BlackElo "1274"]
[PlyCount "81"]
[EventDate "2019.??.??"]
[EventType "tourn (corr)"]
[EventRounds "5"]
[SourceTitle "Corr 2022"]
[Source "ChessBase"]
[SourceDate "2021.10.24"]
[SourceVersion "1"]
[SourceVersionDate "2021.10.24"]
[SourceQuality "1"]

1. e4 e6 2. d4 d5 3. Nd2 Nf6 4. e5 Nfd7 5. Ngf3 c5 6. c3 Nc6 7. Bb5 Na5 8. 0-0 Be7 9. Nb3 Nxb3 10. Qxb3 c4 11. Qc2 0-0 12. b3 cxb3 13. Qxb3 Nb6 14. Qc2 a6 15. Bd3 g6 16. Rb1 Bd7 17. Bd2 Na4 18. Rxb7 Bc6 19. Rbb1 Nb6 20. Bh6 Re8 21. Rb2 Na4 22. Rb3 Nb6 23. Rfb1 Ba4 24. h3 Bxb3 25. Rxb3 Qc7 26. h4 Nc4 27. h5 Na3 28. Qe2 a5 29. hxg6 hxg6 30. Nh2 Kh7 31. Be3 Rh8 32. Qf3 Kg7 33. Ng4 Rh7 34. Nf6 Rh4 35. g3 Rh3 36. Bf1 a4 37. Bxh3 axb3 38. axb3 Nc2 39. Bd2 Ra1+ 40. Kh2 Na3 41. Ne8+ 1-0

[Event "FICGS class E 000225 email"]
[Site "FICGS email"]
[Date "2019.08.19"]
[Round "1"]
[White "Hadden, John"]
[Black "Kalapos, Karol"]
[Result "0-1"]
[WhiteElo "1256"]
[BlackElo "1274"]
[PlyCount "74"]
[EventDate "2019.??.??"]
[EventType "tourn (corr)"]
[EventRounds "5"]
[SourceTitle "Corr 2022"]
[Source "ChessBase"]
[SourceDate "2021.10.24"]
[SourceVersion "1"]
[SourceVersionDate "2021.10.24"]
[SourceQuality "1"]

1. d4 Nf6 2. Nf3 g6 3. Nc3 e6 4. e3 Bg7 5. Bd3 b6 6. a3 Bb7 7. 0-0 d6 8. b4 Nbd7 9. Bb2 0-0 10. Re1 Nd5 11. Nxd5 Bxd5 12. c4 Bb7 13. Rb1 Re8 14. e4 a6 15. d5 exd5 16. Bxg7 Kxg7 17. exd5 Ne5 18. Nxe5 dxe5 19. Qg4 Bc8 20. Qg3 Qf6 21. Re4 Bf5 22. Re3 e4 23. Qf4 exd3 24. Rd1 Qd8 25. Qd4+ Kg8 26. h3 h5 27. g4 Qg5 28. Rg3 h4 29. Rgxd3 Bxd3 30. Qxd3 Rad8 31. Qd2 Qxd2 32. Rxd2 Re4 33. c5 bxc5 34. bxc5 Ra4 35. Rd3 Ra5 36. c6 Rdxd5 37. Rxd5 Rxd5 0-1

[Event "FICGS class E 000225 email"]
[Site "FICGS email"]
[Date "2019.08.19"]
[Round "1"]
[White "Kalapos, Karol"]
[Black "Zaunercik, Ilmar"]
[Result "0-1"]
[WhiteElo "1274"]
[BlackElo "1234"]
[PlyCount "66"]
[EventDate "2019.??.??"]
[EventType "tourn (corr)"]
[EventRounds "5"]
[SourceTitle "Corr 2022"]
[Source "ChessBase"]
[SourceDate "2021.10.24"]
[SourceVersion "1"]
[SourceVersionDate "2021.10.24"]
[SourceQuality "1"]

1. d4 d5 2. e3 Nc6 3. Nf3 Bf5 4. h3 h6 5. c4 Nb4 6. Qa4+ Nc6 7. Ne5 Bd7 8. Nxc6 Bxc6 9. Qb3 Nf6 10. Nc3 e6 11. Be2 Be7 12. 0-0 0-0 13. a3 dxc4 14. Bxc4 Ne4 15. Qc2 Nd6 16. Bb3 Nc8 17. Rd1 Nb6 18. Qd3 Nd5 19. Nxd5 Bxd5 20. Bc2 f5 21. b4 Bd6 22. Bb3 c6 23. b5 Be4 24. Qe2 Qh4 25. f3 Bd5 26. Bxd5 cxd5 27. Qf2 Bh2+ 28. Kf1 Bg3 29. Qc2 Rac8 30. Qa2 g5 31. a4 g4 32. hxg4 fxg4 33. f4 Qh1+ 0-1

[Event "FICGS rapid E 000229 email"]
[Site "FICGS email"]
[Date "2019.08.05"]
[Round "1"]
[White "Kalapos, Karol"]
[Black "Joubert, Hennie"]
[Result "1/2-1/2"]
[WhiteElo "1274"]
[BlackElo "1481"]
[PlyCount "51"]
[EventDate "2019.??.??"]
[EventType "tourn (rapid)"]
[EventRounds "6"]
[SourceTitle "Corr 2022"]
[Source "ChessBase"]
[SourceDate "2021.10.24"]
[SourceVersion "1"]
[SourceVersionDate "2021.10.24"]
[SourceQuality "1"]

1. Nf3 Nf6 2. g3 g6 3. Bg2 Bg7 4. d4 0-0 5. 0-0 d6 6. c4 Nbd7 7. Nc3 c6 8. e3 Qc7 9. h3 e5 10. Nh2 Re8 11. Re1 e4 12. Ng4 d5 13. cxd5 cxd5 14. Nb5 Qd8 15. Nxf6+ Nxf6 16. Qc2 Re7 17. b3 a6 18. Ba3 Rd7 19. Nc3 b5 20. Ne2 Bb7 21. Rac1 Rc8 22. Qd2 Rdc7 23. Kh2 Rxc1 24. Rxc1 Rxc1 25. Bxc1 Qc8 26. Nf4 1/2-1/2

[Event "FICGS rapid E 000229 email"]
[Site "FICGS email"]
[Date "2019.08.05"]
[Round "1"]
[White "Kalapos, Karol"]
[Black "Zaunercik, Ilmar"]
[Result "0-1"]
[WhiteElo "1274"]
[BlackElo "1234"]
[PlyCount "32"]
[EventDate "2019.??.??"]
[EventType "tourn (rapid)"]
[EventRounds "6"]
[SourceTitle "Corr 2022"]
[Source "ChessBase"]
[SourceDate "2021.10.24"]
[SourceVersion "1"]
[SourceVersionDate "2021.10.24"]
[SourceQuality "1"]

1. Nf3 d5 2. g3 Nf6 3. Bg2 Nc6 4. e3 e5 5. d3 Bg4 6. Nbd2 e4 7. dxe4 dxe4 8. h3 exf3 9. Bxf3 Bxf3 10. Qxf3 Qd5 11. 0-0 Qxf3 12. Nxf3 0-0-0 13. Ng5 Rd7 14. Kh2 Bc5 15. b3 Ne5 16. Bb2 h6 0-1

[Event "FICGS class E 000224 email"]
[Site "FICGS email"]
[Date "2019.07.19"]
[Round "1"]
[White "Kalapos, Karol"]
[Black "Niglio, Biagio"]
[Result "0-1"]
[WhiteElo "1274"]
[BlackElo "1458"]
[PlyCount "60"]
[EventDate "2019.??.??"]
[EventType "tourn (corr)"]
[EventRounds "5"]
[SourceTitle "Corr 2022"]
[Source "ChessBase"]
[SourceDate "2021.10.24"]
[SourceVersion "1"]
[SourceVersionDate "2021.10.24"]
[SourceQuality "1"]

1. d4 d5 2. c4 e5 3. e3 exd4 4. exd4 Nc6 5. Nf3 Nf6 6. Be2 Be7 7. Nc3 0-0 8. 0-0 Be6 9. b3 Bb4 10. Bb2 Bg4 11. Na4 Bd6 12. h3 Be6 13. Rc1 Bf4 14. Ra1 Re8 15. Re1 b6 16. Qc2 Nb4 17. Qc3 a5 18. a3 Nc6 19. Bc1 Ne4 20. Qb2 Bxc1 21. Rexc1 Ng5 22. Kh2 Qd6+ 23. Kh1 Ne4 24. Bd3 Nf6 25. Kg1 Qf4 26. Re1 Bxh3 27. cxd5 Nxd5 28. Be4 Rxe4 29. Rxe4 Qxe4 30. Re1 Qg4 0-1

[Event "FICGS class F 000217 email"]
[Site "FICGS email"]
[Date "2019.06.14"]
[Round "1"]
[White "Goldmund, Heike"]
[Black "Kalapos, Karol"]
[Result "0-1"]
[WhiteElo "1268"]
[BlackElo "1143"]
[PlyCount "66"]
[EventDate "2019.??.??"]
[EventType "tourn (corr)"]
[EventRounds "5"]
[SourceTitle "Corr 2022"]
[Source "ChessBase"]
[SourceDate "2021.10.24"]
[SourceVersion "1"]
[SourceVersionDate "2021.10.24"]
[SourceQuality "1"]

1. b4 b6 2. Bb2 Bb7 3. c4 d5 4. e3 e6 5. Nf3 Nf6 6. a3 Be7 7. Be2 0-0 8. 0-0 dxc4 9. Bxc4 Nc6 10. Qc2 h6 11. Be2 a6 12. d3 Qd5 13. Nbd2 Rad8 14. d4 Na7 15. Bc4 Qd6 16. Ne5 Nc6 17. Ne4 Nxe4 18. Qxe4 Na5 19. Qg4 Nxc4 20. Bc3 Nxe5 21. dxe5 Qd3 22. Bd4 c5 23. Rfd1 Qb5 24. Bb2 Bd5 25. Rd2 Bf3 26. Qxf3 Rxd2 27. Bc3 Rd3 28. Be1 cxb4 29. axb4 Rb3 30. Qe4 Bxb4 31. Qd4 Bxe1 32. Rxe1 Qb4 33. Ra1 Rb1+ 0-1

[Event "FICGS class F 000217 email"]
[Site "FICGS email"]
[Date "2019.06.14"]
[Round "1"]
[White "Humphries, Billy"]
[Black "Kalapos, Karol"]
[Result "0-1"]
[WhiteElo "1076"]
[BlackElo "1143"]
[PlyCount "58"]
[EventDate "2019.??.??"]
[EventType "tourn (corr)"]
[EventRounds "5"]
[SourceTitle "Corr 2022"]
[Source "ChessBase"]
[SourceDate "2021.10.24"]
[SourceVersion "1"]
[SourceVersionDate "2021.10.24"]
[SourceQuality "1"]

1. d4 e6 2. c4 Nf6 3. Nf3 Be7 4. Nc3 d5 5. g3 c6 6. Bg2 dxc4 7. 0-0 Nbd7 8. Bf4 Qb6 9. Qc2 0-0 10. Rfd1 Nd5 11. Nxd5 cxd5 12. e3 Nf6 13. Ng5 h6 14. Nf3 Bd7 15. Ne5 Bb5 16. a4 Bd7 17. Nxd7 Nxd7 18. a5 Qb3 19. Qxb3 cxb3 20. Rac1 b6 21. Rc7 Rfd8 22. Rdc1 bxa5 23. Ra1 Bb4 24. e4 Nb6 25. exd5 Nxd5 26. Bxd5 Rxd5 27. Be3 Kf8 28. Rac1 Rdd8 29. R1c4 Bd6 0-1